Normal view
MARC view
Entry Personal Name
001 - CONTROL NUMBER
- control field: 52379
003 - CONTROL NUMBER IDENTIFIER
- control field: ARRUPE
005 - DATE AND TIME OF LATEST TRANSACTION
- control field: 20240206113437.0
008 - FIXED-LENGTH DATA ELEMENTS
- fixed length control field: 240206|| aca||aabn | a|a d
040 ## - CATALOGING SOURCE
- Original cataloging agency: ARRUPE
- Transcribing agency: ARRUPE
100 ## - HEADING--PERSONAL NAME
- Personal name: Miller, Arnold V
670 ## - SOURCE DATA FOUND
- Source citation: Work cat.: (ARRUPE)131771: Hegel, Georg Wilhelm Friedrich, 1770-1831., Hegel's science of logic /, 1989, c1969.